ბათუმის შოთა რუსთაველის სახელმწიფო უნივერსიტეტის ბიბლიოთეკა

The juice master's slim 4 life. (ბიბ.ჩანაწერი № 47101)

000 -LEADER
fixed length control field 00535nam a2200217Ia 4500
001 - CONTROL NUMBER
control field 13958
003 - CONTROL NUMBER IDENTIFIER
control field GE_BSU
008 - FIXED-LENGTH DATA ELEMENTS--GENERAL INFORMATION
fixed length control field 181216s||||||||xx |||||||||||||| ||und||
020 ## - INTERNATIONAL STANDARD BOOK NUMBER
International Standard Book Number 100007133030
040 ## - CATALOGING SOURCE
Transcribing agency GE_BSU
080 ## - UNIVERSAL DECIMAL CLASSIFICATION NUMBER
Universal Decimal Classification number 61
100 ## - MAIN ENTRY--PERSONAL NAME
Personal name Vale,Jason.
245 #4 - TITLE STATEMENT
Title The juice master's slim 4 life.
245 ## - TITLE STATEMENT
Remainder of title Freedom from the food trap.
260 ## - PUBLICATION, DISTRIBUTION, ETC.
Place of publication, distribution, etc. London.
260 ## - PUBLICATION, DISTRIBUTION, ETC.
Name of publisher, distributor, etc. Harper thorsons.
260 ## - PUBLICATION, DISTRIBUTION, ETC.
Date of publication, distribution, etc. 2002
300 ## - PHYSICAL DESCRIPTION
Extent 307p;24cm.
653 ## - INDEX TERM--UNCONTROLLED
Uncontrolled term The juice master's slim 4 life:Freedom from the food trap.
942 ## - ADDED ENTRY ELEMENTS (KOHA)
Koha item type წიგნი
ეგზემპლარები
Withdrawn status Lost status Damaged status Not for loan Date acquired Barcode Date last seen Price effective from Koha item type
        2018-12-17 36808 2018-12-17 2018-12-17 წიგნი